| 000 | 01016nam a2200265Ia 4500 | ||
|---|---|---|---|
| 003 | OSt | ||
| 005 | 20220923211139.0 | ||
| 006 | a|||||r|||| 00| 0 | ||
| 007 | ta | ||
| 008 | 220922b |||||||| |||| 00| 0 urd d | ||
| 020 |
_a8185999813 (hbk) _c695 |
||
| 024 | _a234,374 | ||
| 037 |
_b459, 17/03/2008, University Book House _cTextual |
||
| 040 |
_aARTS _cARTS _burd |
||
| 041 |
_2urd _aurd |
||
| 082 | _aO168,1L97:g, 152P5 | ||
| 100 |
_aरामनारायण स्वामी 'अन्क़ा' _9158744 |
||
| 245 | 0 | _aफ़ुटपाथ पर ग़ालिब | |
| 246 | _aफ़uṭapāth par ग़āliba | ||
| 260 |
_aनई दिल्ली _b स्वराज प्रकाशन _c2005 |
||
| 300 |
_a512पृ0 _ccm. |
||
| 650 |
_aउर्दू साहित्य _9158745 |
||
| 942 |
_hO168,1L97:g, 152P5 _cTEXL _2CC |
||
| 999 |
_c295940 _d295940 |
||